[Event "Bayern Jubilar U12"]
[Site "Bayreuth"]
[Date "2022.08.28"]
[Round "2"]
[White "Kamleiter, Noah"]
[Black "Draude, Theo"]
[Result "0-1"]
[WhiteElo "1538"]
[BlackElo "1104"]
[PlyCount "68"]
[EventDate "2022.08.27"]
[EventType "swiss"]
[EventRounds "7"]
[EventCountry "GER"]
[SourceTitle "EXT 2023"]
[Source "ChessBase"]
[SourceDate "2022.10.05"]
[SourceVersion "1"]
[SourceVersionDate "2022.10.05"]
[SourceQuality "1"]

1. e4 c5 2. Nf3 d6 3. Bb5+ Bd7 4. Bxd7+ Qxd7 5. 0-0 Nf6 6. Nc3 g6 7. d3 Nc6 8. Bg5 Bg7 9. Re1 h6 10. Bh4 g5 11. Bg3 Nh5 12. Ne5 Nxe5 13. Qxh5 Ng6 14. Qf3 h5 15. h3 g4 16. Qe2 h4 17. Bh2 gxh3 18. g3 hxg3 19. fxg3 Bd4+ 20. Kf1 Qe6 21. Nd5 0-0-0 22. c3 Be5 23. d4 Bf6 24. b4 Rdg8 25. bxc5 dxc5 26. Qc4 Qg4 27. Qxc5+ Kb8 28. Re2 Qf3+ 29. Rf2 Qh1+ 30. Bg1 h2 31. Qc7+ Ka8 32. Rb2 hxg1Q+ 33. Ke2 Qxe4+ 34. Kd2 Rh2# 0-1

[Event "DSOL 07 Liga Final 1st"]
[Site "Playchess.com INT"]
[Date "2020.08.28"]
[Round "1.4"]
[White "Kamleiter, Noah"]
[Black "Reyher, Bastian"]
[Result "0-1"]
[WhiteElo "1453"]
[BlackElo "1225"]
[PlyCount "70"]
[EventDate "2020.06.22"]
[EventType "team-k.o. (rapid)"]
[EventCountry "GER"]
[SourceTitle "EXT 2021"]
[Source "ChessBase"]
[SourceDate "2020.10.23"]
[SourceVersion "1"]
[SourceVersionDate "2020.10.23"]
[SourceQuality "1"]
[WhiteTeam "Kelheim II"]
[BlackTeam "Barnim II"]
[WhiteTeamCountry "GER"]
[BlackTeamCountry "GER"]

1. e4 e5 2. Nf3 Nc6 3. Bb5 a6 4. Ba4 b5 5. Bb3 Bb7 6. c3 Bd6 7. d4 Nf6 8. 0-0 0-0 9. Bg5 h6 10. Bxf6 Qxf6 11. Bd5 Rab8 12. Bxc6 Bxc6 13. dxe5 Bxe5 14. Nxe5 Qxe5 15. Nd2 f5 16. Qb3+ Kh7 17. exf5 Qxf5 18. Rac1 Bxg2 19. Kxg2 Qg5+ 20. Kh1 Qxd2 21. Qc2+ Qxc2 22. Rxc2 d5 23. Rd2 c6 24. Kg2 Rbe8 25. f4 Kg6 26. Kf3 Kf5 27. Rg1 g6 28. Rdg2 Rf6 29. h4 Re4 30. Rg4 Rfe6 31. Rd1 Re3+ 32. Kf2 Re2+ 33. Kf1 Kxg4 34. Rd3 Re1+ 35. Kf2 R6e2# 0-1

[Event "Ceske Budejovice op-B"]
[Site "Ceske Budejovice"]
[Date "2020.07.07"]
[Round "7"]
[White "Kamleiter, Noah"]
[Black "Josko, Jiri"]
[Result "1/2-1/2"]
[WhiteElo "1463"]
[BlackElo "1649"]
[PlyCount "24"]
[EventDate "2020.07.01"]
[EventType "swiss"]
[EventRounds "9"]
[EventCountry "CZE"]
[SourceTitle "CBM 197 Extra"]
[Source "ChessBase"]
[SourceDate "2020.09.30"]
[SourceVersion "1"]
[SourceVersionDate "2020.09.30"]
[SourceQuality "1"]

1. e4 d5 2. exd5 Nf6 3. d4 Nxd5 4. Nf3 g6 5. c4 Nf6 6. Nc3 Bg7 7. Be2 0-0 8. 0-0 c6 9. Bf4 Bf5 10. Re1 Re8 11. Bd3 Bg4 12. Be2 Bf5 1/2-1/2

[Event "Ceske Budejovice op-B"]
[Site "Ceske Budejovice"]
[Date "2020.07.05"]
[Round "5"]
[White "Kamleiter, Noah"]
[Black "Huemer, Gerald"]
[Result "1-0"]
[WhiteElo "1463"]
[BlackElo "1721"]
[PlyCount "59"]
[EventDate "2020.07.01"]
[EventType "swiss"]
[EventRounds "9"]
[EventCountry "CZE"]
[SourceTitle "CBM 197 Extra"]
[Source "ChessBase"]
[SourceDate "2020.09.30"]
[SourceVersion "1"]
[SourceVersionDate "2020.09.30"]
[SourceQuality "1"]

1. e4 c5 2. Nf3 d6 3. Bb5+ Nd7 4. 0-0 Qc7 5. c3 a6 6. Bc4 b5 7. Bd5 Rb8 8. Bb3 c4 9. Bc2 Bb7 10. d4 e6 11. Re1 Ngf6 12. Bg5 h6 13. Bh4 g5 14. Bg3 g4 15. Nfd2 h5 16. Bh4 e5 17. d5 Bh6 18. Nf1 Nh7 19. Ng3 Bg5 20. Bxg5 Nxg5 21. Nf5 f6 22. Nd2 Bc8 23. f3 gxf3 24. Nxf3 b4 25. Ng7+ Kf7 26. Nxg5+ fxg5 27. Ne6 Qb6+ 28. Kh1 Kg6 29. Qd2 Rh7 30. Rf1 1-0

[Event "GER-ch Net blitz qual2"]
[Site "Playchess.com INT"]
[Date "2020.03.16"]
[Round "2"]
[White "Jacob, Tobias"]
[Black "Kamleiter, Noah"]
[Result "1-0"]
[WhiteElo "1967"]
[BlackElo "1463"]
[PlyCount "65"]
[EventDate "2020.03.16"]
[EventType "swiss (blitz)"]
[EventRounds "9"]
[EventCountry "GER"]
[SourceTitle "CBM 195 Extra"]
[Source "ChessBase"]
[SourceDate "2020.05.31"]
[SourceVersion "1"]
[SourceVersionDate "2020.05.31"]
[SourceQuality "1"]

1. b3 d5 2. Bb2 Nc6 3. g3 e5 4. Bg2 Nf6 5. d3 Bf5 6. Nd2 Bd6 7. e3 0-0 8. Ne2 Bg6 9. 0-0 Qe7 10. Rc1 Rac8 11. h3 Nb4 12. a3 Nc6 13. b4 a6 14. d4 exd4 15. Nxd4 Nxd4 16. Bxd4 b6 17. c4 c5 18. bxc5 bxc5 19. Bxf6 Qxf6 20. Bxd5 Bd3 21. Ne4 Qg6 22. Qxd3 Bxg3 23. fxg3 Rfe8 24. Bxf7+ Qxf7 25. Rxf7 Kxf7 26. Nd6+ Ke7 27. Nxc8+ Rxc8 28. Qxh7 Kf7 29. Rf1+ Ke6 30. Qg6+ Ke7 31. Qxg7+ Kd6 32. Rf6+ Ke5 33. Qe7# 1-0

[Event "GER-ch Net blitz qual2"]
[Site "Playchess.com INT"]
[Date "2020.03.16"]
[Round "1"]
[White "Kamleiter, Noah"]
[Black "Spitzl, Vinzent"]
[Result "0-1"]
[WhiteElo "1463"]
[BlackElo "2344"]
[PlyCount "46"]
[EventDate "2020.03.16"]
[EventType "swiss (blitz)"]
[EventRounds "9"]
[EventCountry "GER"]
[SourceTitle "CBM 195 Extra"]
[Source "ChessBase"]
[SourceDate "2020.05.31"]
[SourceVersion "1"]
[SourceVersionDate "2020.05.31"]
[SourceQuality "1"]

1. e4 c6 2. d4 d5 3. Nc3 dxe4 4. Nxe4 Nf6 5. Nxf6+ exf6 6. Nf3 Bd6 7. Bc4 0-0 8. 0-0 Bg4 9. Be3 Nd7 10. Re1 Nb6 11. Bb3 Qc7 12. Rc1 Bxh2+ 13. Kh1 Bd6 14. c4 c5 15. dxc5 Bxc5 16. Bxc5 Qxc5 17. Kg1 Rad8 18. Qe2 Nd7 19. Kf1 Ne5 20. Rc3 Nxf3 21. gxf3 Bh3+ 22. Kg1 Qg5+ 23. Kh2 Qg2# 0-1

[Event "GER-ch Net blitz qual2"]
[Site "Playchess.com INT"]
[Date "2020.03.16"]
[Round "4"]
[White "Kamleiter, Noah"]
[Black "Winkels, Marcel"]
[Result "0-1"]
[WhiteElo "1463"]
[BlackElo "1990"]
[PlyCount "106"]
[EventDate "2020.03.16"]
[EventType "swiss (blitz)"]
[EventRounds "9"]
[EventCountry "GER"]
[SourceTitle "CBM 195 Extra"]
[Source "ChessBase"]
[SourceDate "2020.05.31"]
[SourceVersion "1"]
[SourceVersionDate "2020.05.31"]
[SourceQuality "1"]

1. e4 c5 2. Nf3 d6 3. Bb5+ Nd7 4. c3 a6 5. Bxd7+ Bxd7 6. d4 cxd4 7. cxd4 Nf6 8. Nc3 e6 9. Bg5 Be7 10. 0-0 0-0 11. Qc2 Rc8 12. Rac1 b5 13. Qe2 d5 14. exd5 Nxd5 15. Bxe7 Nxe7 16. Ne5 Ng6 17. Nxd7 Qxd7 18. Rfd1 Qb7 19. h3 Nf4 20. Qg4 Nd5 21. Nxd5 Qxd5 22. Rxc8 Rxc8 23. h4 Qxa2 24. h5 h6 25. d5 Qb3 26. d6 Rd8 27. d7 f6 28. Re1 Rxd7 29. Rxe6 Qd1+ 30. Qxd1 Rxd1+ 31. Kh2 Rd2 32. Rxa6 Rxb2 33. Rb6 b4 34. Kg3 Kf7 35. f4 f5 36. Kh3 b3 37. g4 fxg4+ 38. Kxg4 Rb1 39. Kf5 b2 40. Rb3 Rh1 41. Rxb2 Rxh5+ 42. Kg4 Ra5 43. Rb7+ Kg6 44. Rb6+ Kh7 45. f5 Ra4+ 46. Kh5 Rf4 47. Rb5 Kg8 48. Kg6 Rg4+ 49. Kh5 Rg5+ 50. Kh4 Kf7 51. Kh3 Kf6 52. Kh4 Rxf5 53. Re5 Kxe5 0-1

[Event "Heusenstamm Sparkassen op U14 6th"]
[Site "Heusenstamm"]
[Date "2019.11.23"]
[Round "4"]
[White "Kamleiter, Noah"]
[Black "Vick, Edward"]
[Result "1/2-1/2"]
[WhiteElo "1395"]
[BlackElo "1242"]
[PlyCount "102"]
[EventDate "2019.11.21"]
[EventType "swiss"]
[EventRounds "7"]
[EventCountry "GER"]
[SourceTitle "CBM 194 Extra"]
[Source "ChessBase"]
[SourceDate "2020.03.31"]
[SourceVersion "1"]
[SourceVersionDate "2020.03.31"]
[SourceQuality "1"]

1. e4 d5 2. exd5 Nf6 3. d4 Nxd5 4. Nf3 Nc6 5. Bb5 Bd7 6. 0-0 e6 7. Re1 Bd6 8. Bc4 0-0 9. Bxd5 exd5 10. Nc3 Be6 11. Ng5 Be7 12. Nxe6 fxe6 13. Rxe6 Bf6 14. Ne2 Qd7 15. Re3 Rae8 16. c3 Bh4 17. Rxe8 Qxe8 18. Be3 Ne7 19. Qb3 b6 20. Rf1 c6 21. Nf4 Ng6 22. Nxg6 Qxg6 23. Qa4 a5 24. c4 dxc4 25. Qxc4+ Kh8 26. d5 cxd5 27. Qxh4 b5 28. Qe7 Re8 29. Qg5 Qe4 30. Re1 d4 31. f3 Qe6 32. Kf2 dxe3+ 33. Rxe3 Qb6 34. Ke2 Rg8 35. Qe5 Qc6 36. Rc3 Qd7 37. Rc7 Qd8 38. Qc3 Re8+ 39. Kf2 Rg8 40. Qxa5 Qd4+ 41. Kf1 Qxb2 42. Rc3 Qb1+ 43. Kf2 Qb2+ 44. Kg3 Qd2 45. Qb4 Qe1+ 46. Kh3 Qe6+ 47. g4 Qe1 48. Rb3 Qf1+ 49. Kh4 g5+ 50. Kg3 Qg1+ 51. Kh3 Qf1+ 1/2-1/2

[Event "GER-ch U25-B"]
[Site "Willingen"]
[Date "2019.06.12"]
[Round "5"]
[White "Albayrak, Berrak"]
[Black "Kamleiter, Noah"]
[Result "1/2-1/2"]
[WhiteElo "1491"]
[BlackElo "1457"]
[PlyCount "55"]
[EventDate "2019.06.08"]
[EventType "swiss"]
[EventRounds "9"]
[EventCountry "GER"]
[SourceTitle "CBM 191 Extra"]
[Source "ChessBase"]
[SourceDate "2019.09.30"]
[SourceVersion "1"]
[SourceVersionDate "2019.09.30"]
[SourceQuality "1"]

1. e4 c5 2. Nf3 Nc6 3. d4 cxd4 4. Nxd4 g6 5. Nc3 Bg7 6. Be3 Nf6 7. f3 Qa5 8. Bc4 Qb4 9. Bb3 Nxe4 10. fxe4 Bxd4 11. Bxd4 Qxd4 12. Qxd4 Nxd4 13. Nd5 Nxb3 14. axb3 Kd8 15. 0-0 e6 16. Ne3 f5 17. e5 b6 18. Nc4 Kc7 19. Nd6 Bb7 20. Rfd1 Bc6 21. Rd3 a5 22. Rh3 h6 23. Rd1 h5 24. Rg3 Rhg8 25. Rg5 a4 26. Rg3 axb3 27. Rxb3 Ra2 28. Rdd3 1/2-1/2

[Event "GER-ch U10"]
[Site "Willingen"]
[Date "2018.05.25"]
[Round "10"]
[White "Klonov, Jakov"]
[Black "Kamleiter, Noah"]
[Result "1/2-1/2"]
[WhiteElo "1362"]
[BlackElo "1213"]
[PlyCount "122"]
[EventDate "2018.05.19"]
[EventType "swiss"]
[EventRounds "11"]
[EventCountry "GER"]
[SourceTitle "CBM 184 Extra"]
[Source "ChessBase"]
[SourceDate "2018.06.28"]
[SourceVersion "1"]
[SourceVersionDate "2018.06.28"]
[SourceQuality "1"]

1. e4 c5 2. c3 d5 3. exd5 Qxd5 4. d4 Nf6 5. Nf3 Bg4 6. Be2 e6 7. 0-0 cxd4 8. cxd4 Be7 9. Nc3 Qd8 10. h3 Bh5 11. Be3 0-0 12. Rc1 Nc6 13. Qd2 Rc8 14. Rcd1 Qd7 15. d5 exd5 16. Nxd5 Nxd5 17. Qxd5 Qxd5 18. Rxd5 Bg6 19. Rd7 b6 20. Bb5 Bf6 21. b3 Rfd8 22. Bxc6 Rxc6 23. Rxa7 h6 24. Re1 Re6 25. Ra6 Rb8 26. Rd1 Bc2 27. Rc1 Bd3 28. Ra7 Bb2 29. Rd1 Be2 30. Rd2 Bxf3 31. Rxb2 Rg6 32. g3 Rd8 33. Rb1 Rgd6 34. g4 Be4 35. Rc1 Rd1+ 36. Rxd1 Rxd1+ 37. Kh2 Rh1+ 38. Kg3 Rg1+ 39. Kf4 Bg2 40. h4 Bh3 41. Bxb6 Rxg4+ 42. Kf3 Rxh4 43. Kg3 Rh5 44. a4 Be6 45. b4 Rg5+ 46. Kf3 Bg4+ 47. Ke3 Bd1 48. b5 Re5+ 49. Kf4 Rh5 50. Bc7 Rh4+ 51. Ke3 Bxa4 52. b6 Bc6 53. b7 Bxb7 54. Rxb7 f6 55. Bg3 Ra4 56. Rb3 g5 57. Kf3 Kg7 58. Re3 Kg6 59. Re4 Rxe4 60. Kxe4 f5+ 61. Kf3 h5 1/2-1/2

[Event "GER-ch U10"]
[Site "Willingen"]
[Date "2018.05.22"]
[Round "5"]
[White "Kamleiter, Noah"]
[Black "Fruth, David"]
[Result "1/2-1/2"]
[WhiteElo "1213"]
[BlackElo "1482"]
[PlyCount "133"]
[EventDate "2018.05.19"]
[EventType "swiss"]
[EventRounds "11"]
[EventCountry "GER"]
[SourceTitle "CBM 184 Extra"]
[Source "ChessBase"]
[SourceDate "2018.06.28"]
[SourceVersion "1"]
[SourceVersionDate "2018.06.28"]
[SourceQuality "1"]

1. e4 e5 2. Nf3 Nc6 3. Bb5 a6 4. Ba4 Nf6 5. d4 exd4 6. 0-0 Bc5 7. e5 Nd5 8. c3 Nb6 9. cxd4 Nxa4 10. Qxa4 Bb6 11. d5 Ne7 12. d6 Nc6 13. Re1 0-0 14. Qg4 f5 15. Qg3 Kh8 16. b3 Re8 17. Bb2 cxd6 18. Ng5 Kg8 19. Nxh7 Kxh7 20. e6 Re7 21. Qh4+ Kg8 22. Qg3 dxe6 23. Bf6 Qf8 24. Bxe7 Qxe7 25. Nd2 Ne5 26. Rac1 Bd7 27. Nc4 Nxc4 28. Rxc4 Bb5 29. Rh4 Bd8 30. Rh5 Be8 31. Rxf5 Rc8 32. h3 e5 33. Qg4 Bd7 34. f4 Bxf5 35. Qxf5 Bb6+ 36. Kh2 Rf8 37. Qd3 Rxf4 38. Qd5+ Kh8 39. Rc1 Bc5 40. Rc3 Rd4 41. Qf3 Qf6 42. Qh5+ Qh6 43. Qe8+ Kh7 44. Rg3 Rd1 45. Rxg7+ Kxg7 46. Qe7+ Kg8 47. Qe8+ Kh7 48. Qf7+ Qg7 49. Qh5+ Qh6 50. Qf7+ Kh8 51. Qe8+ Kg7 52. Qe7+ Kg6 53. Qe6+ Kg5 54. Qg8+ Kf4 55. Qg4+ Ke3 56. Qxd1 Qf4+ 57. Kh1 Qf2 58. Qc1+ Ke2 59. Qc2+ Kf1 60. Qd1+ Qe1 61. Qf3+ Qf2 62. Qd1+ Qe1 63. Qf3+ Bf2 64. Qd3+ Qe2 65. Qb1+ Be1 66. Qf5+ Bf2 67. Qb1+ 1/2-1/2

[Event "Bad Soden U10 op"]
[Site "Bad Soden"]
[Date "2017.10.03"]
[Round "9"]
[White "Weyerer, Noah"]
[Black "Kamleiter, Noah"]
[Result "1-0"]
[WhiteElo "1109"]
[BlackElo "867"]
[PlyCount "52"]
[EventDate "2017.09.30"]
[EventType "swiss"]
[EventRounds "9"]
[EventCountry "GER"]
[SourceTitle "EXT 2019"]
[Source "ChessBase"]
[SourceDate "2018.10.10"]
[SourceVersion "1"]
[SourceVersionDate "2018.10.10"]
[SourceQuality "1"]

1. d4 d5 2. Bf4 Nc6 3. Nf3 Bg4 4. h3 Bh5 5. e3 Nf6 6. Bd3 e6 7. Nbd2 Bd6 8. Be5 Nxe5 9. dxe5 Bxf3 10. Nxf3 Bxe5 11. Nxe5 Ne4 12. Bxe4 dxe4 13. Qg4 0-0 14. Qxe4 Qd6 15. Nc4 Qc5 16. 0-0 f5 17. Qd4 Qxd4 18. exd4 b5 19. Ne5 Rad8 20. Nf3 Rf6 21. Rad1 f4 22. Rfe1 b4 23. Ng5 Rd6 24. Ne4 Rc6 25. Nxf6+ gxf6 26. Rd2 Kf7 1-0